La Stratégie industrielle béninoise face à l'emploi (Record no. 48048)
[ view plain ]
| 000 -LEADER | |
|---|---|
| fixed length control field | 00695nam a22002057a 4500 |
| 005 - DATE AND TIME OF LATEST TRANSACTION | |
| control field | 20160609165945.0 |
| 008 - FIXED-LENGTH DATA ELEMENTS--GENERAL INFORMATION | |
| fixed length control field | 101026t xxu||||| |||| 00| 0 eng d |
| 040 ## - SOURCE DU CATALOGAGE | |
| Original cataloging agency | BUAC |
| Language of cataloging | Fr. |
| Transcribing agency | BUC |
| 041 ## - CODE DE LANGUE | |
| Language code of text/sound track or separate title | Fr. |
| 100 ## - VEDETTE PRINCIPALE - NOM DE PERSONNE | |
| Personal name | Ayeni, Ludovic Etienne |
| 9 (RLIN) | 10257 |
| 245 ## - TITLE STATEMENT | |
| Title | La Stratégie industrielle béninoise face à l'emploi |
| Statement of responsibility, etc | Présenté par Ayeni Ludovic Etienne et Yayi Serge Modeste |
| 260 ## - PUBLICATION, DISTRIBUTION, ETC. (IMPRINT) | |
| Place of publication, distribution, etc | Abomey-Calavi |
| Name of publisher, distributor, etc | UNB |
| Date of publication, distribution, etc | 1988 |
| 300 ## - PHYSICAL DESCRIPTION | |
| Extent | 74-8p |
| Accompanying material | 30 cm |
| 504 ## - BIBLIOGRAPHY, ETC. NOTE | |
| Bibliography, etc | Comprend bibliogr. |
| 630 ## - SUBJECT ADDED ENTRY--UNIFORM TITLE | |
| Uniform title | SCIENCES ECONOMIQUES |
| 9 (RLIN) | 10259 |
| 650 ## - SUBJECT ADDED ENTRY--TOPICAL TERM | |
| Topical term or geographic name as entry element | Entreprise : gestion : Bénin |
| 9 (RLIN) | 10260 |
| 700 ## - ADDED ENTRY--PERSONAL NAME | |
| Personal name | Koty Lambert |
| Titles and other words associated with a name | Maitre mémoire |
| 9 (RLIN) | 10262 |
| 700 ## - ADDED ENTRY--PERSONAL NAME | |
| Personal name | Yayi Serge Modeste |
| Titles and other words associated with a name | Collab. |
| 9 (RLIN) | 10262 |
| 942 ## - ADDED ENTRY ELEMENTS (KOHA) | |
| Koha item type | Thèse et Memoire |
| Withdrawn status | Lost status | Damaged status | Not for loan | Location (home branch) | Sublocation or collection (holding branch) | Date acquired | Source of acquisition | Koha issues (times borrowed) | Koha full call number | Piece designation (barcode) | Koha date last seen | Copy number | Price effective from | Koha item type |
|---|---|---|---|---|---|---|---|---|---|---|---|---|---|---|
| Bibliothèque Universitaire Centrale | Bibliothèque Universitaire Centrale | Dépot | 1782 MDE | 1782buc | 26/10/2010 | 1 | 26/10/2010 | Thèse et Memoire |